Determinants of International Migration from Developing Countries to Czechia and Slovakia

Migrácia z rozvojových krajín do Českej a Slovenskej republiky. Determinanty medzinárodnej migrácie z rozvojových krajín. Gravity model v migračmom výskume.

Gespeichert in:
Bibliographische Detailangaben
1. Verfasser: Macková, Lucie
Weitere Verfasser: Harmáček, Jaromír, Opršal, Zdeněk
Format: Buchkapitel
Sprache:Englisch
Schlagworte:
Tags: Tag hinzufügen
Keine Tags, Fügen Sie das erste Tag hinzu!

MARC

LEADER 00000naa a2200000 4500
001 0259575
005 20221104111309.8
041 0 |a eng 
044 |a SK 
245 1 0 |a Determinants of International Migration from Developing Countries to Czechia and Slovakia  |c Lucie Macková, Jaromír Harmáček, Zdeněk Opršal 
520 |a Migrácia z rozvojových krajín do Českej a Slovenskej republiky. Determinanty medzinárodnej migrácie z rozvojových krajín. Gravity model v migračmom výskume. 
610 2 0 |a krajiny rozvojové 
610 2 0 |a migrácia 
610 2 0 |a politika migračná 
610 2 0 |a Slovensko 
610 2 0 |a Česko 
610 2 0 |a modely ekonometrické 
100 1 |a Macková, Lucie 
700 1 |a Harmáček, Jaromír 
700 1 |a Opršal, Zdeněk